Spell the Marvel Hero #83 - Statistics

General Stats
  • This quiz has been taken 14 times
  • The average score is 6 of 7
Answer Stats
Picture Answer % Correct
Iron Man
100%
Nova
100%
Adam Warlock
92%
Shuri
92%
Mantis
77%
Triton
69%
Makkari
62%
No matching quizzes found
Score Distribution
Percent of People with Each Score
Percentile by Number Answered
Your Score History
You have not taken this quiz